|
|
|
|
| LEADER |
00000nab a2200000 a 4500 |
| 001 |
vtls000219016 |
| 003 |
SK-MaSNL |
| 005 |
20260302204334.0 |
| 008 |
111130c1985 xo 0 slo |
| 015 |
|
|
|a SNBRB19rr/mm-uuuuu
|
| 035 |
|
|
|a CL0229130
|
| 040 |
|
|
|a SNKBUCL
|b slo
|c SNKBUCL
|e AACR2
|
| 041 |
0 |
|
|a slo
|
| 044 |
|
|
|a xo
|c SK
|
| 080 |
|
|
|a 885.4-3(087.5)
|2 1981
|
| 100 |
1 |
|
|a Habovštiak, Anton,
|d 1924-2004
|4 aut
|9 92747
|
| 245 |
1 |
0 |
|a Odkedy šumí Orava
|c Anton Habovštiak ; Martin Kellenberger
|
| 650 |
0 |
7 |
|a povesti ľudové
|2 snkbucl
|9 756583
|
| 655 |
|
7 |
|a články z novín a časopisov
|2 snkbucl
|9 267496
|
| 655 |
|
7 |
|a články z odboru literárna veda a krásna literatúra
|2 snkbucl
|9 770045
|
| 700 |
1 |
|
|a Kellenberger, Martin,
|d 1957-
|4 gup
|9 90777
|
| 773 |
0 |
|
|t Slniečko
|g Roč. 17, č. 10 (1985), s. 20-22
|
| 850 |
|
|
|a Slovenská národná knižnica v Martine
|a MTA001
|
| 852 |
|
|
|a SNK
|b KIS3GCP
|
| 958 |
|
|
|a RK
|
| 958 |
|
|
|a LX
|
| 992 |
|
|
|a RBX
|
| 999 |
|
|
|c 1472949
|d 1474879
|